000 00191nam a2200097Ia 4500
100 _a#N/A
942 _cBK
245 _aKNOW YOUR OSCI SCOPE
260 _b#N/A
_aMARGADARSHAN
546 _aENGLISH
999 _c34483
_d34483